000 00665nam a2200277Ia 4500
005 20260324125943.0
008 008 260324s9999 xx 000 0 eng d
020 _a9780429115424
037 _aEBOOK
040 _aCRL
040 _beng
040 _cCRL
041 _2eng
041 _aeng
084 _qCRL
100 _aRonald Huston; Harold Josephs
_91179971
245 0 _aPractical Stress Analysis in Engineering Design
260 _bTaylor and Francis
260 _c2008
365 _a
365 _b385
856 _uhttp://www.taylorfrancis.com/books/9780429115424
942 _cEBOOK
999 _c1775661
_d1775661